Jaki kierowca prowadzi ten bolid? - Statystyki

Ogólne statystyki
  • Ten quiz został rozwiązany 69 razy
  • Średni wynik to 9 z 16
Statystyki odpowiedzi
Obrazkowy Odpowiedź % Poprawnych
Max Verstappen
98%
Ayrton Senna
87%
Carlos Sainz
85%
Lance Stroll
78%
Esteban Ocon
74%
Nikita Mazepin
74%
Fernando Alonso
70%
Robert Kubica
70%
Kimi Raikkonen
65%
Mark Webber
63%
Romain Grosjean
59%
Siergiej Sirotkin
43%
David Coulthard
33%
Heikki Kovalainen
24%
Pedro De La Rosa
19%
Timo Glock
4%
Nie znaleziono quizów pasujących do podanych kryteriów
Rozkład punktacji
Procent ludzi z każdym wynikiem
Percentyl według liczby udzielonych odpowiedzi
Twoja historia wyników
Nie rozwiązałeś tego quizu